Systém merania produktivity v podniku

Systém na meranie produktivity v podniku pomôže správne merať produktivitu a následne aj identifikovať úzke miesta či bariéry produktivity. A vďaka nástrojom a technikám priemyselného inžinierstva je možné tieto úzke miesta alebo bariéry odstrániť. Daný systém je pre podnik prínosom vďaka systematic...

Description complète

Enregistré dans:
Détails bibliographiques
Auteur principal: Barbušová, Miroslava
Autres auteurs: Medvecká, Iveta, Dulina, Ľuboslav
Format: Chapitre de livre
Langue:slovaque
Sujets:
Tags: Ajouter un tag
Pas de tags, Soyez le premier à ajouter un tag!

MARC

LEADER 00000naa a2200000 4500
001 0250400
005 20221104111518.8
041 0 |a slo 
044 |a SK 
245 1 0 |a Systém merania produktivity v podniku  |c Miroslava Barbušová, Iveta Medvecká, Ľuboslav Dulina 
520 |a Systém na meranie produktivity v podniku pomôže správne merať produktivitu a následne aj identifikovať úzke miesta či bariéry produktivity. A vďaka nástrojom a technikám priemyselného inžinierstva je možné tieto úzke miesta alebo bariéry odstrániť. Daný systém je pre podnik prínosom vďaka systematickému meraniu produktivity, vytvorenej logike, poskytuje vizuálne výstupy, ktoré umožňujú správne identifikovať obmedzenia v zvyšovaní produktivity. Systém je spracovaný v prostredí softvéru MS Excel, kde boli vytvorené potrebné prepojenia a funkcionality pre správne fungovanie systému. Takto navrhnutý systém s určitými obmenami môže byť použitý ako podklad pre zavedenie systému merania produktivity v iných podnikoch. 
610 2 0 |a meranie produktivity 
610 2 0 |a podnik 
610 2 0 |a efektívnosť ekonomická 
610 2 0 |a systémy informačné 
100 1 |a Barbušová, Miroslava 
700 1 |a Medvecká, Iveta 
700 1 |a Dulina, Ľuboslav